Tỉnh mộng : Tiểu thuyết

में बचाया:
ग्रंथसूची विवरण
मुख्य लेखक: Hồ, Biểu Chánh
स्वरूप: पुस्तक
भाषा:Undetermined
प्रकाशित: Thành phố Hồ Chí Minh Văn hóa Sài Gòn 2006
विषय:
टैग : टैग जोड़ें
कोई टैग नहीं, इस रिकॉर्ड को टैग करने वाले पहले व्यक्ति बनें!
Thư viện lưu trữ: Trung tâm Học liệu Trường Đại học Cần Thơ
LEADER 00664nam a2200217Ia 4500
001 CTU_112396
008 210402s9999 xx 000 0 und d
020 |c 19000 
082 |a 895.922332 
082 |b Ch107 
100 |a Hồ, Biểu Chánh 
245 0 |a Tỉnh mộng : 
245 0 |b Tiểu thuyết 
245 0 |c Hồ Biểu Chánh 
260 |a Thành phố Hồ Chí Minh 
260 |b Văn hóa Sài Gòn 
260 |c 2006 
650 |a Vietnamese fiction 
650 |y 20th century 
904 |i Hiếu Sửa số PL 895.922331 thành 895.922332 ( Minh ) 
980 |a Trung tâm Học liệu Trường Đại học Cần Thơ